000
00463nam a2200133Ia 4500
008
151001s9999||||xx |||||||||||||| ||und||
100
_a
सरोजिनी बाबर
245
_a
मी पाहिलेले यशवंतराव
250
_a
2
260
_b
महाराष्ट्र राज्य साहित्य संस्कुती मंडळ मुंबई
260
_c
२००७
300
_a
520
365
_b
21
999
_c
1000794
_d
1000791